"United States" In Different Languages - Statistics

General Stats
  • This quiz has been taken 40 times
  • The average score is 12 of 20
Answer Stats
Translation of "United States" Language % Correct
United States English
97%
Estados Unidos Spanish | Portuguese | Filipino
94%
États-Unis French
89%
Verenigde Staten Dutch
86%
Vereinigte Staaten German
86%
Stati Uniti Italian
86%
sanyukt raajy Hindi
69%
Stany Zjednoczone Polish
69%
alwilayat almutahida Arabic
67%
Amerikagasshūkoku Japanese
67%
Měiguó Chinese
64%
Soyedinennyye Shtaty Russian
61%
Egyesült Államok Hungarian
56%
Yhdysvallat Finnish
44%
Amerika Serikat Indonesian
44%
Stáit Aontaithe Irish
42%
migug Korean
39%
Marekani Swahili
28%
negdsen uls Mongolian
17%
eksat janapadaya Sinhala
6%
No matching quizzes found
Score Distribution
Percent of People with Each Score
Percentile by Number Answered
Your Score History
You have not taken this quiz